Más allá de una escuela peronista : políticas públicas y educación en la provincia de buenos aires, 1946-1955 /

Guardado en:
Autor Principal: Petitti, Eva Mara
Formato: Libro
Publicado: Rosario : Prohistoria, 2017
Materias:
Etiquetas: Agregar Etiqueta
Sin Etiquetas, Sea el primero en etiquetar este registro!
LEADER 00691nam a22001935a 4500
001 EHU.bham045486
003 AR-BHAM
005 20190220090705.0
008 130507s2017##################000#0#####d
020 |a 9789873864759 
082 3 7 |a 370.9821 
100 1 |a Petitti, Eva Mara 
245 1 0 |a Más allá de una escuela peronista :  |b políticas públicas y educación en la provincia de buenos aires, 1946-1955 /  |c  Eva Mara Petitti 
260 |a Rosario :  |b Prohistoria,  |c 2017 
300 |a 266 p. 
653 |a Peronismo-1946-1955 
653 |a Educación argentina-1946-1955 
653 |a Buenos aires-provincia-educación-1946-1955 
859 |a AR-BHAM  |b BIB. HUMANIDADES - General  |h 370.9821  |i P44  |p 272.18  |t Ej.1